|
|
|
|
| LEADER |
01998nam a2200337 a 4500 |
| 001 |
001362654 |
| 008 |
121009s2011 enka f b 001 0 eng d |
| 999 |
|
|
|c 12903
|d 12903
|
| 010 |
|
|
|a 88011877
|
| 020 |
|
|
|a 9780853699842
|
| 020 |
|
|
|a 0853699844
|
| 040 |
|
|
|a StDuBDS
|c StDuBDS
|d UK-RwCLS
|d Coutts
|d BD-DhAAL.
|
| 082 |
0 |
0 |
|a 615.19
|2 23
|
| 100 |
1 |
|
|a Florence, A. T.
|q (Alexander Taylor)
|9 43689
|
| 245 |
1 |
0 |
|a Physicochemical principles of pharmacy /
|c A.T. Florence and David. Attwood.
|
| 250 |
|
|
|a Fifth edition
|
| 260 |
|
|
|a London :
|b Pharmaceutical,
|c 2011.
|
| 300 |
|
|
|b illustrations ;
|c 25 cm.
|
| 504 |
|
|
|a Includes bibliographical references and Index.
|
| 541 |
|
|
|e 00026125
|
| 650 |
|
0 |
|a Pharmaceutical chemistry.
|9 43690
|
| 650 |
|
0 |
|a Pharmacy.
|9 43691
|
| 650 |
|
0 |
|a Chemistry, Physical and theoretical.
|9 43692
|
| 700 |
1 |
|
|a Attwood, D.
|9 43693
|
| 852 |
4 |
|
|a Ayesha Abed Library
|j General shelf.
|
| 942 |
|
|
|2 ddc
|c BK
|
| 952 |
|
|
|0 0
|1 0
|4 0
|6 615_190000000000000_FLO
|7 0
|9 21294
|a BRACUL
|b BRACUL
|c GEN
|d 2012-10-11
|e Karim International
|g 1890.00
|l 5
|m 27
|o 615.19 FLO
|p 3010026125
|r 2022-12-01
|s 2022-08-25
|t 1
|w 0000-00-00
|y BK
|x Available
|
| 952 |
|
|
|0 0
|1 0
|4 0
|6 615_190000000000000_FLO
|7 0
|9 21295
|a BRACUL
|b BRACUL
|c GEN
|d 2012-10-11
|e Karim International
|g 1890.00
|l 4
|m 4
|o 615.19 FLO
|p 3010026126
|q 2026-06-07
|r 2026-02-05
|s 2026-02-05
|t 2
|w 0000-00-00
|y BK
|x Available
|
| 952 |
|
|
|0 0
|1 0
|4 0
|6 615_190000000000000_FLO
|7 0
|9 21296
|a BRACUL
|b BRACUL
|c GEN
|d 2012-10-11
|e Karim International
|g 1890.00
|l 4
|m 55
|o 615.19 FLO
|p 3010026127
|q 2026-06-02
|r 2026-02-02
|s 2026-02-02
|t 3
|w 0000-00-00
|y BK
|x Available
|
| 952 |
|
|
|0 0
|1 0
|4 0
|6 615_190000000000000_FLO
|7 0
|9 21297
|a BRACUL
|b BRACUL
|c GEN
|d 2012-10-11
|e Karim International
|g 1890.00
|l 5
|m 58
|o 615.19 FLO
|p 3010026128
|q 2026-06-02
|r 2026-02-01
|s 2026-02-01
|t 4
|w 0000-00-00
|y BK
|x Available
|
| 952 |
|
|
|0 0
|1 0
|4 0
|6 615_190000000000000_FLO
|7 0
|9 21298
|a BRACUL
|b BRACUL
|c GEN
|d 2012-10-11
|e Karim International
|g 1890.00
|l 4
|m 39
|o 615.19 FLO
|p 3010026129
|q 2026-06-02
|r 2026-02-02
|s 2026-02-02
|t 5
|w 0000-00-00
|y BK
|x Available
|